| 000 | 01023nam a22003137a 4500 | ||
|---|---|---|---|
| 003 | CHAP | ||
| 005 | 20220817042352.0 | ||
| 008 | 971013s1971 r 00010 d | ||
| 010 | _a42414 | ||
| 011 | _a43386 | ||
| 035 | _a47522 | ||
| 040 | _cCHAP | ||
| 082 |
_a338.10954 _bF7 |
||
| 100 | 0 | 0 |
_aFrankel, Francine R. _943028 |
| 245 | _aIndia's green revolution; economic gains and political costs | ||
| 260 |
_aPrinceton, N.J. : _bPrinceton University, _c1971 |
||
| 300 |
_a232 p. _b: mapa |
||
| 590 |
_aBATCH-UPD _b10 _c20130110 _lUCH01 _h0204 |
||
| 590 |
_aBATCH-UPD _b10 _c20130110 _lUCH01 _h2118 |
||
| 590 |
_aBATCH-UPD _b10 _c20130410 _lUCH01 _h1428 |
||
| 590 |
_aBATCH-UPD _b10 _c20130913 _lUCH01 _h2054 |
||
| 590 |
_aCONVERSION _b10 _c20130109 _lUCH01 _h1323 |
||
| 650 | 1 | 4 |
_aAgricultura _xAspectos economicos _xIndia. _91257 |
| 650 | 1 | 4 |
_aAgricultura _xIndia. |
| 650 | 1 | 4 |
_aPolítica agrícola _xIndia. _990327 |
| 901 | _aBK | ||
| 942 | _cLIBRO | ||
| 949 |
_a338.10954 F7 _bBC _cLIBRO _d33724000347084 _eLIBRO _h28422 _i47522 _si |
||
| 999 |
_c42414 _d42414 |
||